Linear multivariable control theory (Record no. 12414)

000 -LEADER
fixed length control field 00538nam a22002057a 4500
001 - CONTROL NUMBER
control field 12414
003 - CONTROL NUMBER IDENTIFIER
control field BD-DhUET
008 - FIXED-LENGTH DATA ELEMENTS--GENERAL INFORMATION
fixed length control field 150225s1981 ii a|||| |||| 001 0 eng d
020 ## - INTERNATIONAL STANDARD BOOK NUMBER
International Standard Book Number 0074515128
040 ## - CATALOGING SOURCE
Transcribing agency 0
Modifying agency BD-DhUET
082 ## - DEWEY DECIMAL CLASSIFICATION NUMBER
Classification number 629.432
Item number APT/1981
100 ## - MAIN ENTRY--PERSONAL NAME
Personal name Apte Y. S.
245 ## - TITLE STATEMENT
Title Linear multivariable control theory
250 ## - EDITION STATEMENT
Edition statement 1st ed.
260 ## - PUBLICATION, DISTRIBUTION, ETC. (IMPRINT)
Place of publication, distribution, etc. New Delhi
Name of publisher, distributor, etc. Tata McGraw-Hill
Date of publication, distribution, etc. 1981
300 ## - PHYSICAL DESCRIPTION
Extent xii, 164 p.
Other physical details ill.
Dimensions 25 cm.
504 ## - BIBLIOGRAPHY, ETC. NOTE
Bibliography, etc Includes bibliographies
650 #0 - SUBJECT ADDED ENTRY--TOPICAL TERM
Topical term or geographic name as entry element Multivariable control theory
942 ## - ADDED ENTRY ELEMENTS (KOHA)
Koha item type General Book
Holdings
Copy number Koha item type Date acquired Koha date last seen Piece designation (barcode) Koha full call number Location (home branch) Sublocation or collection (holding branch) Shelving location Source of classification or shelving scheme Damaged status Lost status Withdrawn status Price effective from Not for loan Koha normalized classification for sorting
1General Book2015-02-252015-02-2558424629.432/APT/1981Central Library, BUETCentral Library, BUETCirculation section    2015-02-25 629_432000000000000_APT_1981
2General Book2015-02-252015-02-2558428629.432/APT/1981Central Library, BUETCentral Library, BUETCataloging section    2015-02-25 629_432000000000000_APT_1981
3General Book2015-02-252015-02-2558427629.432/APT/1981Central Library, BUETCentral Library, BUETCirculation section    2015-02-25 629_432000000000000_APT_1981
4General Book2015-02-252015-02-2558426629.432/APT/1981Central Library, BUETCentral Library, BUETCirculation section    2015-02-25 629_432000000000000_APT_1981
5General Book2015-02-252015-02-2558425629.432/APT/1981Central Library, BUETCentral Library, BUETCirculation section    2015-02-25 629_432000000000000_APT_1981
6General Book2015-02-252015-02-2558422629.432/APT/1981Central Library, BUETCentral Library, BUETCirculation section    2015-02-25 629_432000000000000_APT_1981
7General Book2015-02-252015-02-2558423629.432/APT/1981Central Library, BUETCentral Library, BUETCirculation section    2015-02-25 629_432000000000000_APT_1981
8General Book2015-05-072015-05-07 58420629.432/APT/1981Central Library, BUETCentral Library, BUETCirculation section    2015-05-07 629_432000000000000_APT_1981